| 000 | 00624nam a2200265Ia 4500 | ||
|---|---|---|---|
| 008 | 210210b2010 xxu||||| |||| 00| 0 eng d | ||
| 020 | _a9781851686971 | ||
| 041 | _aeng | ||
| 082 | _a150 ADLU | ||
| 100 | _aADLER (Alfred) | ||
| 245 |
_aUnderstanding life _bIntroduction to the psychology of Alfred Adler |
||
| 260 |
_aEngland _bOneworld _c2010 |
||
| 300 | _axxvii,168 | ||
| 650 | _aUnderstanding | ||
| 650 | _ato | ||
| 650 | _athe | ||
| 650 | _apsychology | ||
| 650 | _aof | ||
| 650 | _alife | ||
| 650 | _aIntroduction | ||
| 650 | _aAlfred | ||
| 650 | _aAdler | ||
| 690 | _aPsychology | ||
| 906 | _a066823 | ||
| 999 |
_c149271 _d149271 |
||